000
00326nam a2200109Ia 4500
008
171211s9999 xx 000 0 und d
245
_a
Job-Rich Growth In Asia
245
_c
Organization for Economic Cooperation and Development
260
_c
2011
650
_x
BUSINESS
856
_u
http://down.ebook777.com/061/9264110976.pdf
999
_c
349521
_d
349521